| Поле | Название | Значение |
| |
Тип записи |
a |
| |
Библиографический уровень |
c |
| 001 |
Контрольный номер |
RU/ГПНТБ России/KNIGADB/84(0)6-44/Е 34-613832860 |
| 005 |
Дата корректировки |
20251219142514.7 |
| 010 |
Индекс ISBN |
__ |
| a |
ISBN |
978-5-4465-4270-3 |
| 9 |
Тираж |
5000 экз. |
| d |
Цена |
350-00 |
| 100 |
Данные общей обработки |
__ |
| a |
Данные общей обработки |
20250403d2024 ma y0rusy028902 ca |
| 101 |
Язык документа |
1_ |
| a |
Язык текста |
rus |
| c |
Язык оригинала |
mul |
| 102 |
Страна публикации |
__ |
| a |
Страна публикации |
RU |
| 105 |
Кодированные данные (монография) |
__ |
| a |
Кодированные данные (монография) |
a z 000ay |
| 181 |
Поле кодированных данных: вид содержания |
_0 |
| a |
Код вида содержания (ISBD) |
i |
| 182 |
Поле кодированных данных: тип средства |
_0 |
| a |
Код типа средства (ISBD) |
n |
| 200 |
Заглавие и сведения об ответственности |
1_ |
| a |
Заглавие |
Ее словами |
| e |
Сведения, относящиеся к заглавию |
сборник короткой прозы |
| f |
Первые сведения об ответственности |
составитель - Анастасия Толстая |
| g |
Последующие сведения об ответственности |
редактор - Евгения Матушевская |
| g |
Последующие сведения об ответственности |
иллюстрации - Алла Белоусова |
| 203 |
Вид содержания и тип средства |
__ |
| c |
Тип средства |
непосредственный |
| a |
Вид содержания |
Текст |
| 210 |
Выходные данные |
1_ |
| a |
Место издания |
Москва |
| c |
Издательство |
Самойлов М. Д. |
| d |
Дата издания |
2024 |
| 215 |
Физическое описание |
__ |
| a |
Объем |
504, [1] с. |
| c |
Иллюстрации/тип воспроизводства |
рис. |
| d |
Формат |
22 см |
| 330 |
Аннотация |
__ |
| a |
Аннотация |
Рассказы в этой книге объединяет то, что все они написаны женщинами. Среди них - авторы самых разных эпох, стран и культур. Родившиеся в середине позапрошлого века и в конце прошлого. Европа, Азия, Америка... Есть и признанные во всём мире писательницы, есть и незаслуженно малоизвестные, и те, кто только набирает голос. Эти рассказы роднит необыкновенная пристальность к жизни, особенный психологизм, жажда познать себя и мир вокруг. Сборник рассказов, который был создан в рамках программы международных проектов АСПИР. |
| 333 |
Примечание о целевом назначении |
__ |
| a |
Примечание о целевом назначении |
16+. Для детей старше 16 лет |
| 464 |
Аналитический уровень |
_0 |
| 1 |
|
2001 |
| a |
|
Удачный побег |
| f |
|
Д.Хейер |
| 1 |
|
700 1 |
| a |
|
Хейер |
| b |
|
Д. |
| g |
|
Джорджетт |
| 4 |
|
070 |
| 464 |
Аналитический уровень |
_0 |
| 1 |
|
2001 |
| a |
|
Ножницы |
| f |
|
К. С. Борго |
| 1 |
|
700 1 |
| a |
|
Борго |
| b |
|
К. С. |
| g |
|
Карина Сайнс |
| 4 |
|
070 |
| 464 |
Аналитический уровень |
_0 |
| 1 |
|
2001 |
| a |
|
Дьявольские игры |
| f |
|
Р. Хух |
| 1 |
|
700 1 |
| a |
|
Хух |
| b |
|
Р. |
| g |
|
Рикарда |
| 4 |
|
070 |
| 464 |
Аналитический уровень |
_0 |
| 1 |
|
2001 |
| a |
|
Вампир |
| f |
|
Э. П. Басан |
| 1 |
|
700 1 |
| a |
|
Пардо-Басан |
| b |
|
Э. |
| g |
|
Эмилия |
| 4 |
|
070 |
| 464 |
Аналитический уровень |
_0 |
| 1 |
|
2001 |
| a |
|
Борода Дюрера |
| f |
|
П. Дриго |
| 1 |
|
700 1 |
| a |
|
Дриго |
| b |
|
П. |
| g |
|
Паола |
| 4 |
|
070 |
| 464 |
Аналитический уровень |
_0 |
| 1 |
|
2001 |
| a |
|
Муж Эмили |
| f |
|
Л. М. Монтгомери |
| 1 |
|
700 1 |
| a |
|
Монтгомери |
| b |
|
Л. М. |
| g |
|
Люси Мод |
| 4 |
|
070 |
| 464 |
Аналитический уровень |
_0 |
| 1 |
|
2001 |
| a |
|
История любви в салоне причесок |
| f |
|
Ван Аньи |
| 1 |
|
700 0 |
| a |
|
Ван Аньи |
| 4 |
|
070 |
| 464 |
Аналитический уровень |
_0 |
| 1 |
|
2001 |
| a |
|
Сторожевая жаба |
| f |
|
Лидия Кабрера |
| 1 |
|
700 1 |
| a |
|
Кабрера |
| b |
|
Л. |
| g |
|
Лидия |
| 4 |
|
070 |
| 464 |
Аналитический уровень |
_0 |
| 1 |
|
2001 |
| a |
|
Тибетец |
| f |
|
Я. Михайловская-Георгиева |
| 1 |
|
700 1 |
| a |
|
Михайловская-Георгиева |
| b |
|
Я. |
| g |
|
Ярослава |
| 4 |
|
070 |
| 464 |
Аналитический уровень |
_0 |
| 1 |
|
2001 |
| a |
|
Черепаха |
| f |
|
П. Хайсмит |
| 1 |
|
700 1 |
| a |
|
Хайсмит |
| b |
|
П. |
| g |
|
Патриция |
| 4 |
|
070 |
| 464 |
Аналитический уровень |
_0 |
| 1 |
|
2001 |
| a |
|
Две девчонки |
| f |
|
П. Магден |
| 1 |
|
700 1 |
| a |
|
Магден |
| b |
|
П. |
| g |
|
Перихан |
| 4 |
|
070 |
| 464 |
Аналитический уровень |
_0 |
| 1 |
|
2001 |
| a |
|
Еще здесь |
| f |
|
М. Дарьесек |
| 1 |
|
700 1 |
| a |
|
Дарьесек |
| b |
|
М. |
| g |
|
Мари |
| 4 |
|
070 |
| 464 |
Аналитический уровень |
_0 |
| 1 |
|
2001 |
| a |
|
Проселочная дорога |
| f |
|
Р. Улльманн |
| 1 |
|
700 1 |
| a |
|
Улльманн |
| b |
|
Р. |
| g |
|
Регина |
| 4 |
|
070 |
| 464 |
Аналитический уровень |
_0 |
| 1 |
|
2001 |
| a |
|
Красный флаг над Смольным |
| f |
|
Юрико Миямото |
| 1 |
|
700 0 |
| a |
|
Юрико Миямото |
| 4 |
|
070 |
| 517 |
Другие варианты заглавия |
1_ |
| a |
Другие варианты заглавия |
Её словами |
| 606 |
Тематические рубрики |
__ |
| a |
Основная рубрика |
Художественная литература |
| 2 |
Код системы |
nlr_sh |
| 606 |
Тематические рубрики |
__ |
| 2 |
Код системы |
nlr_sh |
| a |
Основная рубрика |
Мировая литература (произведения) |
| 610 |
Ключевые слова |
0_ |
| a |
Ключевые слова |
рассказы |
| 610 |
Ключевые слова |
0_ |
| a |
Ключевые слова |
малая проза |
| 610 |
Ключевые слова |
0_ |
| a |
Ключевые слова |
зарубежная литература |
| 610 |
Ключевые слова |
0_ |
| a |
Ключевые слова |
австрийская литература |
| 610 |
Ключевые слова |
0_ |
| a |
Ключевые слова |
английская литература |
| 610 |
Ключевые слова |
0_ |
| a |
Ключевые слова |
венгерская литература |
| 610 |
Ключевые слова |
0_ |
| a |
Ключевые слова |
американская литература |
| 610 |
Ключевые слова |
0_ |
| a |
Ключевые слова |
немецкая литература |
| 610 |
Ключевые слова |
0_ |
| a |
Ключевые слова |
испанская литература |
| 610 |
Ключевые слова |
0_ |
| a |
Ключевые слова |
итальянская литература |
| 610 |
Ключевые слова |
0_ |
| a |
Ключевые слова |
психологическая проза |
| 610 |
Ключевые слова |
0_ |
| a |
Ключевые слова |
канадская литература |
| 610 |
Ключевые слова |
0_ |
| a |
Ключевые слова |
тема женщины |
| 610 |
Ключевые слова |
0_ |
| a |
Ключевые слова |
китайская литература |
| 610 |
Ключевые слова |
0_ |
| a |
Ключевые слова |
кубинская литература |
| 610 |
Ключевые слова |
0_ |
| a |
Ключевые слова |
македонская литература |
| 610 |
Ключевые слова |
0_ |
| a |
Ключевые слова |
турецкая литература |
| 610 |
Ключевые слова |
0_ |
| a |
Ключевые слова |
французская литература |
| 610 |
Ключевые слова |
0_ |
| a |
Ключевые слова |
швейцарская литература |
| 610 |
Ключевые слова |
0_ |
| a |
Ключевые слова |
японская литература |
| 686 |
Индексы других классификаций |
__ |
| 2 |
Код системы |
rubbks |
| a |
Классификационный индекс |
84(0)6-4 |
| 702 |
Вторичная интеллектуальная ответственность |
_1 |
| a |
Фамилия |
Толстая |
| b |
Имя |
А. |
| g |
Полное личное имя |
Анастасия |
| 4 |
Код отношения |
220 |
| 702 |
Вторичная интеллектуальная ответственность |
_1 |
| a |
Фамилия |
Матушевская |
| b |
Имя |
Е. |
| g |
Полное личное имя |
Евгения |
| 4 |
Код отношения |
340 |
| 702 |
Вторичная интеллектуальная ответственность |
_1 |
| a |
Фамилия |
Белоусова |
| b |
Имя |
А. |
| g |
Полное личное имя |
Алла |
| 4 |
Код отношения |
440 |
| 712 |
Наименование организации (Вторичная ответственность) |
02 |
| a |
Организация/ юрисдикция |
Ассоциация союзов писателей и издателей России |
| 801 |
Источник записи |
_0 |
| b |
Организация |
ГПНТБ России |
| a |
Страна |
RU |
| c |
Дата составления |
20250403 |
| g |
Правила каталогизации |
PSBO |
| 801 |
Источник записи |
_1 |
| b |
Организация |
ГПНТБ России |
| a |
Страна |
RU |
| c |
Дата составления |
20250403 |
| g |
Правила каталогизации |
PSBO |
| 852 |
Данные о местонахождении |
5_ |
| j |
Шифр хранения |
84(0)6-4 |
| i |
Авторский знак |
Е 34 |
| 900 |
Макрообъекты |
__ |
| a |
Макрообъекты |
Ее словами. Сборник короткой прозы, 2024 |
| 901 |
Тип документа |
__ |
| a |
Ответственный |
КиК/Котельникова |
| t |
Тип документа |
x |
| 903 |
Характеристики (МАРС) |
__ |
| a |
Дата передачи |
20250403 |
| c |
Наименование библиотеки (МАРС) |
Муниципальное бюджетное учреждение культуры "Централизованная библиотечная система" г. Сургут (Центральная городская библиотека им. А. С. Пушкина) |
| 990 |
Данные о заказе (DOS) |
__ |
| j |
Количество экземпляров (DOS) |
2 |
| t |
N записи в КСУ для И/У (DOS) |
202503 |